000 02152aam a2200433 i 4500
001 768714001
003 CO-MdFUSB
005 20260116121155.0
007 cr na|ann|a
007 cr aa aaaaa
008 180810b xxu||||| |||| 00| 0 eng d
020 _a9780829750010
_qfisico
020 _a9780829753936
_qimpreso
040 _aCO-MdFUSB
_bspa
_cCO-MdFUSB
_dCO-MdFUSBC
_erda
041 _aspa
082 0 4 _223
_a225.7
_bC65e
100 1 _aBurge, Gary M.
_eautor
245 1 0 _aJuan
_b: del texto bíblico a una aplicación contemporánea.
_c/ Gary M. Burge ; traducido por Pedro L. Gómez Flores
_h[Físico y electrónico]
264 1 _aMiami, Florida :
_bVida,
_c[2013]
264 4 _c©2013
300 _a621 páginas.
_c; 24 cm
336 _2rdacontent
_atexto
_btxt
337 _2rdamedia
_asin mediación
_bn
337 _2rdamedia
_ainformático
_bc
338 _2rdacarrier
_avolumen
_bnc
338 _2rdacarrier
_aremoto
_bcr
490 _aNVI Comentarios bíblicos con aplicación
505 _aIntroducción a Juan. -- La Estructura del Evangelio de Juan. -- Bibliografía. -- Juan 1:1–18. -- Juan 1:19–51. -- Juan 2:1–25. -- Juan 3:1–36. -- Juan 4:1–54. -- Juan 5:1–47. -- Juan 6:1–71. -- Juan 7:1–52. -- Juan 7:53–8:11. -- Juan 8:12–59. -- Juan 9:1–41. -- Juan 10:1–42. -- Juan 11:1–57. -- Juan 12:1–50. -- Juan 13:1–38. -- Juan 14:1–31. -- Juan 15:1–16:4a. -- Juan 16:4b–33. --Juan 17:1–26. -- Juan 18:1–19:16a. -- Juan 19:16b–42. -- Juan 20:1–31. -- Juan 21:1–25
506 _aPréstamo en biblioteca del libro físico
506 _aSolicitar clave y usuario para acceder al libro electrónico.
506 _aLibro multiusuario.
563 _aPasta dura
630 7 _aBiblia.
_pJuan
_xCrítica, interpretación, etc.
700 _96407
_aGómez Flores, Pedro L.,‏
_etraductor
856 _b1524560
_uhttp://search.ebscohost.com/login.aspx?direct=true&scope=site&db=nlebk&db=nlabk&AN=1524560
_zAbrir Versión electrónica del libro Juan : del texto bíblico a una aplicación contemporánea
942 _cBK
945 _aJTF-925
999 _c40543
_d40543